Estimation of some limited dependent variable models with application to housing demand (Registro nro. 26207)
[ vista simple ]
| 000 -LEADER | |
|---|---|
| fixed length control field | 00400 a2200121 4500 |
| 001 - CONTROL NUMBER | |
| control field | ART_12246 |
| 005 - DATE AND TIME OF LATEST TRANSACTION | |
| control field | 20260410161904.0 |
| 008 - FIXED-LENGTH DATA ELEMENTS--GENERAL INFORMATION | |
| fixed length control field | 260409a |
| 100 1# - MAIN ENTRY--PERSONAL NAME | |
| Personal name | Trost, R.P. |
| 245 10 - TITLE STATEMENT | |
| Title | Estimation of some limited dependent variable models with application to housing demand |
| 700 1# - ADDED ENTRY--PERSONAL NAME | |
| Personal name | Lee, Lung-Fei |
| 773 0# - HOST ITEM ENTRY | |
| Title | Journal of econometrics |
| Related parts | - Vol. 8, Nº 3 (dic. 1978) |
| Record control number | REV11720 |
No hay ítems disponibles.